000 00263nam a2200097Ia 4500
001 775114
005 20250826165823.0
008 250824s9999 xx 000 0 und d
245 0 _aKAYIP RUH DOLUNAY KAPISI
_cNESRİN AYDIN ERDEM
260 _bÇOCUK GEZEGENİ YAYINLARI
999 _c775114
_d775114